| 000 | nam a22 a 4500 | ||
|---|---|---|---|
| 999 |
_c188108 _d188108 |
||
| 003 | BLK | ||
| 005 | 20221213164113.0 | ||
| 008 | 180411b bul|||||r ||||||| ||bul|| | ||
| 010 | _aKNG00197126000 | ||
| 040 | _aBLK | ||
| 041 |
_aBUL _cBUL |
||
| 080 |
_aБългарска литература _b821.163.2 _x-4 _z821.163.2-4 |
||
| 100 | 1 |
_aТопенчаров, Владимир Евтимов _eпърви автор _9296614 |
|
| 139 |
_aТопенчаров, Владимир Евтимов _bТ 74 |
||
| 245 | 1 | 0 |
_aЧерно на бяло _bИзбрана публицистика _cВладимир Евтимов Топенчаров; предг. от Филип Панайотов |
| 257 | _aBGR | ||
| 260 |
_aСофия _bПартиздат _c1981 |
||
| 300 |
_a384 с. _c21 см |
||
| 380 | _aX | ||
| 700 | 1 |
_aПанайотов, Филип _eпредг. от _9364238 |
|
| 852 |
_aЦб 107388 _bЦб |
||
| 856 | 4 |
_qpdf _i0.00 _ldisable |
|
| 942 |
_cKNG _n0 _s1 |
||
| 944 |
_aCR _c01.12.2016 _kНора_Радева |
||
| 944 |
_aED _c01.12.2016 _kНора_Радева |
||